[Event "AUTO-ELITE-1073"]
[Site "http://www.queenalice.com/game.php?id=1219959"]
[Date "2013.9.26"]
[Round "2"]
[White "Phil_Corrigan"]
[Black "Conde7"]
[Result "0-1"]
[WhiteElo "2468"]
[BlackElo "2782"]

1. d4 Nf6 2. c4 e6 3. Nc3 Bb4 4. Qc2 O-O 5. Nf3 d6 6. a3 Bxc3+ 7. Qxc3 Re8 8. b4
a5 9. Bb2 axb4 10. axb4 Rxa1+ 11. Bxa1 b5 12. e3 bxc4 13. Bxc4 Bb7 14. O-O Bxf3
15. gxf3 Nd5 16. Bxd5 Qg5+ 17. Kh1 Qxd5 18. e4 Qh5 19. Rg1 Nd7 20. Rg3 Rc8 21.
Qd2 f5 22. Kg2 Nf6 23. Rg5 Qh6 24. exf5 Nd5 0-1

[Event "AUTO-ELITE-1073"]
[Site "http://www.queenalice.com/game.php?id=1219960"]
[Date "2013.9.26"]
[Round "2"]
[White "Conde7"]
[Black "Phil_Corrigan"]
[Result "1-0"]
[WhiteElo "2785"]
[BlackElo "2548"]

1. e4 e6 2. d4 d5 3. e5 c5 4. c3 Qb6 5. Nf3 Bd7 6. Be2 Bb5 7. c4 Bxc4 8. Bxc4
dxc4 9. d5 exd5 10. Qxd5 Ne7 11. Qe4 Qc6 12. Qxc4 Qa6 13. Qxc5 Nec6 14. Qc2 Nd7
15. Qe2 Qxe2+ 16. Kxe2 Ndxe5 17. Nxe5 Nxe5 18. Be3 1-0

[Event "AUTO-ELITE-1217"]
[Site "http://www.queenalice.com/game.php?id=1222243"]
[Date "2013.10.5"]
[Round "1"]
[White "Buuuu"]
[Black "Conde7"]
[Result "0-1"]
[WhiteElo "2188"]
[BlackElo "2784"]

1. e4 c5 2. Nf3 d6 3. d4 cxd4 4. Nxd4 Nf6 5. Nc3 a6 6. Bc4 e6 7. Bb3 b5 8. O-O
Be7 9. Qf3 Qb6 10. Bg5 O-O 11. Rad1 Nbd7 12. Qg3 Nh5 13. Qh4 Bxg5 14. Qxg5 Nhf6
15. a3 Nc5 16. Rfe1 Bb7 17. Qh4 a5 18. Ndxb5 Ncxe4 19. Nxe4 Nxe4 20. c4 g5 21.
Rxd6 Qc5 22. Qh6 Qxf2+ 0-1

[Event "AUTO-ELITE-1217"]
[Site "http://www.queenalice.com/game.php?id=1222244"]
[Date "2013.10.5"]
[Round "1"]
[White "Conde7"]
[Black "Buuuu"]
[Result "1-0"]
[WhiteElo "2783"]
[BlackElo "2187"]

1. e4 e6 2. d4 d5 3. e5 c5 4. c3 Nc6 5. Nf3 Bd7 6. Be2 Nge7 7. O-O Ng6 8. g3 f6
9. exf6 Qxf6 10. Bg5 Qf7 11. Be3 cxd4 12. cxd4 Bd6 13. Ng5 Qf6 14. Nc3 Nce7 15.
Nge4 dxe4 16. Nxe4 Qf8 17. Nxd6+ Kd8 18. Nxb7+ Kc7 19. Rc1+ Kxb7 20. Qb3+ 1-0

[Event "AUTO-ELITE-1217"]
[Site "http://www.queenalice.com/game.php?id=1222249"]
[Date "2013.10.5"]
[Round "1"]
[White "enrosque"]
[Black "Conde7"]
[Result "0-1"]
[WhiteElo "2435"]
[BlackElo "2776"]

1. e4 c5 2. Nf3 d6 3. d4 cxd4 4. Nxd4 Nf6 5. Nc3 a6 6. Be3 e5 7. Nb3 Be6 8. f3
h5 9. Be2 Nbd7 10. a4 Nb6 11. a5 Nc4 12. Bxc4 Bxc4 13. Nd2 Be6 14. O-O Be7 15.
Re1 Rc8 16. Bb6 Qd7 17. Nf1 h4 18. Ne3 Qc6 19. Qd2 O-O 20. Rad1 Rfe8 21. Re2 h3
22. g3 Bc4 23. Rf2 Be6 24. Qd3 Bc4 25. Qxc4 Qxc4 26. Nxc4 Rxc4 27. Rfd2 Rec8 28.
Rd3 Kf8 29. Rc1 Nd7 30. Be3 Nc5 31. Rd2 Bd8 32. Rxd6 Bxa5 33. Na2 Ra4 34. Ra1
Nxe4 35. fxe4 Rxc2 36. Rd7 Rxb2 37. Rf1 Rg2+ 38. Kh1 Ke8 0-1

[Event "AUTO-ELITE-1217"]
[Site "http://www.queenalice.com/game.php?id=1222250"]
[Date "2013.10.5"]
[Round "1"]
[White "Conde7"]
[Black "enrosque"]
[Result "1-0"]
[WhiteElo "2784"]
[BlackElo "2436"]

1. e4 e6 2. d4 d5 3. e5 c5 4. c3 Nc6 5. Nf3 Bd7 6. Be2 Nge7 7. O-O Ng6 8. g3 Be7
9. h4 cxd4 10. cxd4 O-O 11. h5 Nh8 12. Nc3 f6 13. exf6 Bxf6 14. Be3 Nf7 15. Bd3
Nd6 16. Qc2 h6 17. Ne2 Nb4 18. Bh7+ Kh8 19. Qb3 Bb5 20. Rfe1 Kxh7 21. Qxb4 a5
22. Qa3 Qb6 23. Nf4 Nf5 24. Ng6 Rfc8 25. g4 Nxe3 26. Qxe3 Rc4 27. Rad1 Rac8 28.
g5 hxg5 29. Nxg5+ Bxg5 30. Qxg5 Re8 31. h6 Rc7 32. Nf4 Qd6 33. Re3 Qf8 34. Qg6+
Kg8 35. h7+ Kh8 36. Qg3 1-0

[Event "sical-2"]
[Site "http://www.queenalice.com/game.php?id=1228831"]
[Date "2013.10.31"]
[Round "4"]
[White "Conde7"]
[Black "Cuxtal"]
[Result "1/2-1/2"]
[WhiteElo "2785"]
[BlackElo "2631"]

1. e4 e5 2. Nf3 Nc6 3. Bb5 a6 4. Ba4 Nf6 5. O-O d6 6. Re1 b5 7. Bb3 Be7 8. c3
O-O 9. d3 Na5 10. Bc2 c5 11. Nbd2 Be6 12. Nf1 Rc8 13. Ne3 Nc6 14. Ng5 Bd7 15.
Bd2 h6 16. Nf3 Be6 17. Bb3 Na5 18. Bxe6 fxe6 19. Nc2 Nc6 20. a4 c4 21. d4 Ra8
22. Be3 Nxe4 23. Bxh6 Nxf2 24. Kxf2 gxh6 25. Kg1 Qb6 26. axb5 axb5 27. Rxa8 Rxa8
28. Nh4 Bxh4 29. Qg4+ Bg5 30. h4 Qc7 31. hxg5 hxg5 32. dxe5 Qa7+ 33. Nd4 Nxe5
34. Qxg5+ Qg7 35. Qxg7+ Kxg7 36. Nxb5 Kf6 37. Nxd6 Rd8 38. Ne4+ 1/2-1/2

[Event "AUTO-ELITE-1013"]
[Site "http://www.queenalice.com/game.php?id=1231179"]
[Date "2013.11.9"]
[Round "2"]
[White "RenverKestak"]
[Black "Conde7"]
[Result "1/2-1/2"]
[WhiteElo "2579"]
[BlackElo "2782"]

1. d4 Nf6 2. c4 e6 3. Nc3 d5 4. Nf3 c6 5. e3 Nbd7 6. Bd3 dxc4 7. Bxc4 b5 8. Be2
Bb7 9. O-O a6 10. e4 c5 11. e5 Nd5 12. a4 b4 13. Nxd5 Bxd5 14. Be3 Be7 15. Rc1
Qa5 16. dxc5 Bxc5 17. Nd4 O-O 18. Bc4 Bxc4 19. Rxc4 Bxd4 20. Qxd4 Rfd8 21. f4
Nf8 22. Qe4 Qxa4 23. Rxb4 Qe8 24. Bc5 Rd2 25. b3 Rad8 26. h3 a5 27. Rb7 R8d5 28.
Rc7 h6 29. Rf2 Rxf2 30. Bxf2 Qd8 31. Ra7 g5 32. Kh2 Ng6 33. f5 exf5 34. Qxf5 Qe8
35. Bg3 Qe6 1/2-1/2

[Event "AUTO-ELITE-1013"]
[Site "http://www.queenalice.com/game.php?id=1231180"]
[Date "2013.11.9"]
[Round "2"]
[White "Conde7"]
[Black "RenverKestak"]
[Result "1-0"]
[WhiteElo "2777"]
[BlackElo "2584"]

1. e4 c6 2. d4 d5 3. e5 Bf5 4. g4 Bd7 5. Nc3 e6 6. Be3 Bb4 7. Qd3 c5 8. dxc5 Na6
9. Ne2 Ne7 10. a3 Bxc5 11. O-O-O O-O 12. h4 Qb6 13. Rh3 Bxe3+ 14. Qxe3 Qxe3+ 15.
Rxe3 Nc5 16. b3 a5 17. Nd4 Nc6 18. f4 Nxd4 19. Rxd4 Bc6 20. Kb2 h6 21. Re1 Rfc8
22. Nb5 Rd8 23. f5 Rd7 24. Rf4 Re7 25. f6 gxf6 26. exf6 Rd7 27. Nd4 Ne4 28. Rf3
a4 29. b4 Rc7 30. Bd3 Bd7 31. g5 Rac8 32. Rff1 b6 33. gxh6 Kh7 34. Rg1 Kxh6 35.
Rg7 e5 36. Nf3 Be6 37. Ng5 Nxf6 38. Nxe6 e4 39. Rf1 1-0

[Event "Copa da Paz"]
[Site "http://www.queenalice.com/game.php?id=1234739"]
[Date "2013.11.23"]
[Round "4"]
[White "Conde7"]
[Black "Constante"]
[Result "1-0"]
[WhiteElo "2781"]
[BlackElo "2287"]

1. e4 c5 2. Nf3 d6 3. d4 cxd4 4. Nxd4 Nf6 5. Nc3 a6 6. Be3 e5 7. Nb3 Be6 8. f3
b5 9. Nd5 Nbd7 10. a4 Rb8 11. axb5 axb5 12. Nb4 Qc8 13. Na6 Bc4 14. Nxb8 Nxb8
15. Bxc4 Qxc4 16. Ra8 Nd7 17. Ba7 Qc7 18. Qd5 Be7 19. Bxb8 Nxb8 20. Qxb5+ 1-0

[Event "sergiogvh-2"]
[Site "http://www.queenalice.com/game.php?id=1237465"]
[Date "2013.12.3"]
[Round "4"]
[White "AndyWo"]
[Black "Conde7"]
[Result "1/2-1/2"]
[WhiteElo "2682"]
[BlackElo "2778"]

1. e4 c5 2. Nf3 d6 3. d4 cxd4 4. Nxd4 Nf6 5. Nc3 a6 6. Be3 e5 7. Nb3 Be6 8. f3
h5 9. Qd2 Nbd7 10. O-O-O Be7 11. Kb1 b5 12. Nd5 Bxd5 13. exd5 Nb6 14. Bxb6 Qxb6
15. Na5 Rc8 16. Nc6 Nxd5 17. Nxe7 Nxe7 18. Qxd6 Qxd6 19. Rxd6 Nc6 20. c4 Ke7 21.
Rd5 Ke6 22. f4 f6 23. g3 g5 24. fxg5 fxg5 1/2-1/2

[Event "AUTO-ELITE-1055"]
[Site "http://www.queenalice.com/game.php?id=1238777"]
[Date "2013.12.9"]
[Round "2"]
[White "Conde7"]
[Black "Kuarwaki"]
[Result "1-0"]
[WhiteElo "2784"]
[BlackElo "2592"]

1. e4 c5 2. Nf3 d6 3. d4 cxd4 4. Nxd4 Nf6 5. Nc3 Nc6 6. Bg5 e6 7. f4 h6 8. Bh4
Be7 9. Qd3 O-O 10. O-O-O Bd7 11. Nb3 Qb6 12. Qf3 d5 13. exd5 Nxd5 14. Nxd5 exd5
15. Bf2 Qc7 16. a3 Bd6 17. g3 Ne7 18. Bd3 b5 19. f5 f6 20. Rhe1 b4 21. axb4 Bxb4
22. c3 Bd6 23. Bc2 Ba4 24. Rd4 Be8 25. Rg4 Kh8 26. Nd4 Bh5 27. Ne6 Qc6 28. Nxf8
Rxf8 29. Re6 Qa6 30. Kd2 Nc8 31. Bc5 Qc6 32. Bxd6 Nxd6 33. Qf4 Nc4+ 34. Qxc4
Qxc4 35. Rxc4 dxc4 36. Re4 Rc8 37. b4 cxb3 38. Bxb3 Bf3 39. Re3 Bc6 40. Be6 Ra8
41. Kd3 a5 42. Kd4 a4 43. Kc5 Bb7 44. Re2 Bf3 45. Ra2 g6 46. fxg6 Kg7 47. Kb4
Rb8+ 48. Kxa4 Kxg6 49. Rd2 f5 50. Bd7 Kf6 51. Rf2 Be4 52. Bxf5 Ra8+ 53. Kb4 Bxf5
54. g4 Rb8+ 55. Ka5 Ra8+ 56. Kb6 Rb8+ 57. Ka6 Rc8 58. Rxf5+ Kg6 59. Rf3 h5 60.
gxh5+ Kxh5 61. Kb5 1-0

[Event "AUTO-ELITE-1055"]
[Site "http://www.queenalice.com/game.php?id=1238778"]
[Date "2013.12.9"]
[Round "2"]
[White "Kuarwaki"]
[Black "Conde7"]
[Result "1/2-1/2"]
[WhiteElo "2598"]
[BlackElo "2785"]

1. d4 c6 2. e4 d5 3. exd5 cxd5 4. c4 Nf6 5. Nc3 Nc6 6. Be3 g6 7. Nf3 Bg7 8. Bd3
O-O 9. O-O Bg4 10. h3 Bxf3 11. Qxf3 dxc4 12. Bxc4 Ne8 13. Bd5 Rc8 14. Bxc6 Rxc6
15. d5 Rc4 16. Rfe1 Nd6 17. Bxa7 b6 18. Qe3 Rb4 19. Qxe7 Qxe7 20. Rxe7 Rxb2 21.
Nd1 Rb4 22. Rc1 Bh6 23. Ra1 Ra8 24. Rd7 Nc8 25. Rd8+ Kg7 26. Nc3 Rc4 27. Nb5 Bg5
28. Re8 Nxa7 29. Rxa8 Nxb5 30. Rb1 Nd6 31. g3 b5 32. h4 Be7 33. Re1 Bf8 34. h5
gxh5 35. Re5 Ne4 36. Ra6 f6 37. Rxh5 Bc5 38. d6 Bxd6 39. Kg2 Bc5 40. Rc6 Rc3 41.
Rh4 Nxf2 42. Rf4 Nd1 43. Rfxf6 Ra3 44. Rf4 Rxa2+ 45. Kf3 Ra3+ 46. Ke4 Bf8 47.
Rc7+ Kg8 48. Rg4+ Kh8 49. Rh4 Ra4+ 50. Kf3 Rxh4 51. gxh4 b4 52. Ke4 Nc3+ 53. Kd3
Nd5 54. Rb7 Kg8 55. Ke4 Nf6+ 56. Ke5 Nh5 57. Kf5 Ng3+ 58. Ke5 Nf1 59. Kd4 Nd2
60. Ke3 Nb3 61. h5 Bd6 62. Kf3 Na5 63. Rb5 Nc4 64. Ke4 Kf7 65. Kd5 Na3 66. Rb7+
Be7 67. Rb6 Nb1 68. Rh6 Kg7 69. Re6 Bf6 70. Rb6 Bc3 71. Kc4 Nd2+ 72. Kd3 Nf1 73.
h6+ Kf7 74. Ke4 Nd2+ 75. Kd3 Nb3 76. Ke4 Ke7 77. Kd3 Nc5+ 78. Kc4 Nd7 79. Rb7
Ke6 1/2-1/2

[Event "AUTO-ELITE-1163"]
[Site "http://www.queenalice.com/game.php?id=1253717"]
[Date "2014.2.3"]
[Round "2"]
[White "LoveChess"]
[Black "Conde7"]
[Result "1/2-1/2"]
[WhiteElo "2773"]
[BlackElo "2784"]

1. c4 Nf6 2. Nc3 e6 3. Nf3 c5 4. g3 Nc6 5. Bg2 Qb6 6. O-O Be7 7. e3 d5 8. cxd5
Nxd5 9. d4 cxd4 10. Nxd4 Nxc3 11. bxc3 O-O 12. Qc2 Bd7 13. Rb1 Qc7 14. Rd1 Na5
15. c4 Rab8 16. Bf1 Rfd8 17. Bb2 Rbc8 18. Rbc1 b6 19. Qc3 Bf6 20. Qb4 Qc5 21.
Qxc5 bxc5 22. Bc3 Ba4 23. Bxa5 Bxd1 24. Bxd8 Rxd8 25. Rxd1 cxd4 26. e4 Be7 27.
e5 f6 28. exf6 gxf6 29. Bd3 f5 30. Rb1 Rd7 31. Kf1 Kf7 32. Ke2 Rc7 33. f4 h5
1/2-1/2

[Event "AUTO-ELITE-1163"]
[Site "http://www.queenalice.com/game.php?id=1253718"]
[Date "2014.2.3"]
[Round "2"]
[White "Conde7"]
[Black "LoveChess"]
[Result "1/2-1/2"]
[WhiteElo "2784"]
[BlackElo "2773"]

1. e4 c6 2. d4 d5 3. e5 Bf5 4. g4 Bg6 5. Ne2 c5 6. h4 Be4 7. Rg1 Nc6 8. Ng3 h5
9. e6 fxe6 10. dxc5 Bg6 11. gxh5 Bf7 12. Nd2 Nf6 13. c3 e5 14. Nf3 e6 15. Be3
Qc7 16. Qa4 O-O-O 17. O-O-O Kb8 18. Bb5 Be8 19. Ng5 a6 20. Bxa6 bxa6 21. Nxe6
Qb7 22. Nxd8 Nxd8 23. Qc2 Nc6 24. Bg5 d4 25. h6 Nd7 26. hxg7 Bxg7 27. cxd4 exd4
28. Nf5 Be5 29. f4 Nb4 30. Qc4 Bg6 31. Ne7 Nxa2+ 32. Qxa2 Nxc5 33. Nxg6 Nb3+ 34.
Qxb3 Rc8+ 35. Kb1 Qxb3 36. Nxe5 1/2-1/2

[Event "sical-2"]
[Site "http://www.queenalice.com/game.php?id=1271724"]
[Date "2014.4.10"]
[Round "5"]
[White "Caronte"]
[Black "Conde7"]
[Result "1/2-1/2"]
[WhiteElo "2719"]
[BlackElo "2785"]

1. d4 Nf6 2. c4 e6 3. Nf3 Bb4+ 4. Bd2 Qe7 5. g3 Bxd2+ 6. Qxd2 O-O 7. Bg2 d5 8.
O-O c6 9. Qc2 b6 10. Nbd2 Bb7 11. e4 dxe4 12. Nxe4 Nxe4 13. Qxe4 c5 14. d5 Nd7
15. Qe3 Rfe8 16. Rfe1 Nf6 17. dxe6 Qxe6 18. Qxe6 Rxe6 19. Rxe6 fxe6 20. Rd1 Bxf3
21. Bxf3 Rc8 22. Kf1 Kf7 23. Ke2 Ke7 24. Ke3 Ne8 25. Be2 Nd6 26. g4 Rf8 27. f4
h5 28. gxh5 Nf5+ 29. Kd3 Nd4 1/2-1/2

[Event "AUTO-ELITE-1013"]
[Site "http://www.queenalice.com/game.php?id=1276591"]
[Date "2014.4.27"]
[Round "3"]
[White "Chuzete"]
[Black "Conde7"]
[Result "0-1"]
[WhiteElo "2504"]
[BlackElo "2783"]

1. e4 c5 2. Nf3 d6 3. d4 cxd4 4. Nxd4 Nf6 5. Nc3 a6 6. Be3 e5 7. Nb3 Be6 8. f3
h5 9. Qd2 Nbd7 10. O-O-O Be7 11. Kb1 b5 0-1

[Event "AUTO-ELITE-1013"]
[Site "http://www.queenalice.com/game.php?id=1276592"]
[Date "2014.4.27"]
[Round "3"]
[White "Conde7"]
[Black "Chuzete"]
[Result "1-0"]
[WhiteElo "2781"]
[BlackElo "2506"]

1. a3 g6 2. e4 Bg7 3. d4 d6 4. Nf3 Nf6 5. Bd3 O-O 6. O-O Nbd7 7. Qe2 c6 8. Rd1
e5 9. dxe5 Nxe5 10. Nxe5 dxe5 11. Be3 Qc7 12. Nc3 1-0

[Event "II Open de Gaia"]
[Site "http://www.queenalice.com/game.php?id=1304029"]
[Date "2014.8.25"]
[Round "4"]
[White "Conde7"]
[Black "cro_kramnik"]
[Result "1/2-1/2"]
[WhiteElo "2788"]
[BlackElo "2626"]

1. e4 c5 2. Nf3 Nc6 3. Bb5 g6 4. Nc3 Bg7 5. Bc4 e6 6. d4 cxd4 7. Nb5 d5 8. exd5
exd5 9. Be2 Nge7 10. O-O O-O 11. Nbxd4 Nf5 12. Nxc6 bxc6 13. Bd3 Re8 14. Re1
Rxe1+ 15. Qxe1 Be6 16. c3 Qb6 17. Qe2 c5 18. Bf4 c4 19. Bxf5 Bxf5 20. Be3 Re8
21. Qd2 Qb7 22. Bd4 f6 23. b4 cxb3 24. axb3 Qxb3 25. h3 Ra8 26. Qf4 Qb2 27. Ra5
1/2-1/2